=LDR 00000nam 2200000 4500 =001 INLIS000000000025175 =005 20130612123714 =008 ***********************************ind** =035 ##$$0010-061300000025175 =041 ##$$a ind =082 ##$$a 808.82 =090 ##$$a 808.82, KUM k =245 ##$$a Kumpulan Drama Remaja, Editor, A.Rumadi =260 ##$$a 1988 $b Jakarta =300 ##$$a ix, 140 hlm., 21 cm =650 ##$$a Kesenian =650 ##$$a Drama =850 ##$$a NBPNMAT